00584nam a2200157 a 450000500170000000800410001705000170005810000200007524500570009526000400015265000090019265000140020199900190021595200960023495200960033020140414132028.0110317s19uu xx 00 eng d aTRbL72 1986 aWilliams, Linda aThe little old lady whoa was not afraid of anything. aNew York :bHarper Collins,c1986. aFear aScarecrow c113578d113578 001040aMUbMUcTRd2011-03-17l0oTR L72 1986pM5167r2014-04-14 00:00:00w2014-04-14yBK 001040aMUbMUcTRd2011-03-17l0oTR L72 1986pM5168r2014-04-14 00:00:00w2014-04-14yBK